Cyprus : seeing and experiencing

Αποθηκεύτηκε σε:
Λεπτομέρειες βιβλιογραφικής εγγραφής
Κύριος συγγραφέας: Gallas, Klaus
Μορφή: Βιβλίο
Γλώσσα:English
Δημοσίευση: Muenchen : Sueddeutscher Verlag, c1990
Θέματα:
Ετικέτες: Προσθήκη ετικέτας
Δεν υπάρχουν, Καταχωρήστε ετικέτα πρώτοι!

MARC

LEADER 00000nam a2200000 i 4500
001 1/87307
008 970408s1990 eng d
020 |a 3-7991-6486-3 
035 |a 1993  |b 1  |c Δωρεά  |l 10035206 
040 |a GR-MY-UA  |b gre  |e aacr 
041 0 |a eng 
082 0 |a 956.93 
100 1 |a Gallas, Klaus. 
245 1 0 |a Cyprus :  |b seeing and experiencing /  |c Klaus Gallas 
260 |a Muenchen :   |b Sueddeutscher Verlag,   |c c1990 
300 |a 169 p. 
651 0 |a Cyprus  |x History. 
651 0 |a Cyprus  |x Description and travel. 
852 |a INST  |b RHODES  |e 19970408  |h 956.93 GAL  |p 005400000085  |q 005400000085  |t BK  |y 0 
909 |a Ρ  |b 024687  |c 1993 
970 |z 2000/08/ΔΕΜΕΝΑΓΑΣ ΠΕΤΡΟΣ